[Event "DVM U16 2021"]
[Site "Kiel GER"]
[Date "2022.07.24"]
[Round "4"]
[White "Andrade, Ruben"]
[Black "Morgenstern, Tobias"]
[Result "0-1"]
[Termination "normal"]
[Board "4.2"]
[WhiteElo "1614"]
[BlackElo "1901"]
[WhiteClock "00:01:22"]
[BlackClock "00:02:43"]
[WhiteTeam "TV Tegernsee"]
[BlackTeam "Schachzwerge Magdeburg"]
[PlyCount "86"]
[WhiteFideId "16246829"]
[BlackFideId "12974390"]
[EventCountry "GER"]
[EventRounds "7"]
[EventType "team-swiss"]
[EventDate "2022.07.22"]

1. e4 {[%clk 01:30:58]} {[%emt 00:00:01]} e5 {[%clk 01:30:56]} {[%emt
00:00:04]} 2. Nf3 {[%clk 01:31:24]} {[%emt 00:00:04]} Nc6 {[%clk 01:31:21]}
{[%emt 00:00:05]} 3. Bc4 {[%clk 01:31:50]} {[%emt 00:00:04]} Bc5 {[%clk
01:31:48]} {[%emt 00:00:03]} 4. c3 {[%clk 01:32:15]} {[%emt 00:00:04]} Nf6
{[%clk 01:32:15]} {[%emt 00:00:04]} 5. d3 {[%clk 01:32:41]} {[%emt 00:00:04]}
a6 {[%clk 01:32:12]} {[%emt 00:00:32]} 6. Bb3 {[%clk 01:33:02]} {[%emt
00:00:09]} Ba7 {[%clk 01:32:22]} {[%emt 00:00:20]} 7. Nbd2 {[%clk 01:33:07]}
{[%emt 00:00:25]} d6 {[%clk 01:32:39]} {[%emt 00:00:13]} 8. h3 {[%clk
01:33:32]} {[%emt 00:00:05]} h6 {[%clk 01:32:20]} {[%emt 00:00:49]} 9. Nf1
{[%clk 01:33:54]} {[%emt 00:00:08]} Be6 {[%clk 01:31:06]} {[%emt 00:01:43]} 10.
Qe2 {[%clk 01:25:49]} {[%emt 00:08:35]} Qd7 {[%clk 01:28:50]} {[%emt 00:02:46]}
11. Bc2 {[%clk 01:25:34]} {[%emt 00:01:36]} O-O-O {[%clk 01:13:32]} {[%emt
00:16:14]} 12. b4 {[%clk 01:15:39]} {[%emt 00:10:25]} d5 {[%clk 01:05:53]}
{[%emt 00:08:09]} 13. a4 {[%clk 01:11:08]} {[%emt 00:05:01]} Qd6 {[%clk
00:55:54]} {[%emt 00:10:29]} 14. b5 {[%clk 00:54:53]} {[%emt 00:16:45]} Na5
{[%clk 00:50:55]} {[%emt 00:05:28]} 15. Ng3 {[%clk 00:45:54]} {[%emt 00:09:29]}
dxe4 {[%clk 00:48:46]} {[%emt 00:02:40]} 16. Nxe4 {[%clk 00:45:45]} {[%emt
00:00:39]} Nxe4 {[%clk 00:48:29]} {[%emt 00:00:48]} 17. Qxe4 {[%clk 00:46:03]}
{[%emt 00:00:12]} Bd5 {[%clk 00:47:16]} {[%emt 00:01:43]} 18. Qg4+ {[%clk
00:37:28]} {[%emt 00:09:04]} Kb8 {[%clk 00:44:53]} {[%emt 00:02:54]} 19. O-O
{[%clk 00:36:06]} {[%emt 00:01:51]} g6 {[%clk 00:33:36]} {[%emt 00:11:47]} 20.
Ba3 {[%clk 00:32:37]} {[%emt 00:03:59]} f5 {[%clk 00:27:59]} {[%emt 00:06:08]}
21. Qb4 {[%clk 00:32:00]} {[%emt 00:01:07]} c5 {[%clk 00:15:49]} {[%emt
00:12:40]} 22. bxc6 {[%clk 00:23:36]} {[%emt 00:08:54]} Qxb4 {[%clk 00:16:09]}
{[%emt 00:00:10]} 23. cxb4 {[%clk 00:21:24]} {[%emt 00:02:42]} Nxc6 {[%clk
00:08:22]} {[%emt 00:08:17]} 24. b5 {[%clk 00:11:11]} {[%emt 00:10:42]} Bxf3
{[%clk 00:08:09]} {[%emt 00:00:44]} 25. bxc6 {[%clk 00:10:36]} {[%emt
00:01:04]} Bxc6 {[%clk 00:08:31]} {[%emt 00:00:07]} 26. a5 {[%clk 00:04:18]}
{[%emt 00:06:48]} Rhe8 {[%clk 00:07:49]} {[%emt 00:01:12]} 27. Rab1 {[%clk
00:03:58]} {[%emt 00:00:50]} e4 {[%clk 00:05:35]} {[%emt 00:02:44]} 28. dxe4
{[%clk 00:02:03]} {[%emt 00:02:26]} fxe4 {[%clk 00:05:01]} {[%emt 00:01:04]}
29. Bc1 {[%clk 00:01:11]} {[%emt 00:01:21]} g5 {[%clk 00:04:01]} {[%emt
00:01:30]} 30. Be3 {[%clk 00:01:18]} {[%emt 00:00:23]} Bxe3 {[%clk 00:04:14]}
{[%emt 00:00:18]} 31. fxe3 {[%clk 00:01:47]} {[%emt 00:00:02]} Rd2 {[%clk
00:04:25]} {[%emt 00:00:17]} 32. Bb3 {[%clk 00:01:50]} {[%emt 00:00:28]} Re2
{[%clk 00:03:43]} {[%emt 00:01:12]} 33. Rf6 {[%clk 00:01:11]} {[%emt 00:01:09]}
Ka7 {[%clk 00:03:24]} {[%emt 00:00:50]} 34. Rxh6 {[%clk 00:00:45]} {[%emt
00:00:55]} Rxe3 {[%clk 00:03:48]} {[%emt 00:00:06]} 35. Rh7 {[%clk 00:00:42]}
{[%emt 00:00:32]} Re2 {[%clk 00:02:35]} {[%emt 00:01:43]} 36. Bc4 {[%clk
00:00:42]} {[%emt 00:00:30]} Rd2 {[%clk 00:02:40]} {[%emt 00:00:25]} 37. Rb6
{[%clk 00:00:46]} {[%emt 00:00:26]} Rd7 {[%clk 00:02:08]} {[%emt 00:01:02]} 38.
Rh6 {[%clk 00:00:35]} {[%emt 00:00:41]} e3 {[%clk 00:01:45]} {[%emt 00:00:52]}
39. Be2 {[%clk 00:00:47]} {[%emt 00:00:18]} Rd2 {[%clk 00:01:53]} {[%emt
00:00:22]} 40. Bf3 {[%clk 00:00:31]} {[%emt 00:00:46]} Bxf3 {[%clk 00:01:45]}
{[%emt 00:00:39]} 41. gxf3 {[%clk 00:00:53]} {[%emt 00:00:08]} e2 {[%clk
00:02:05]} {[%emt 00:00:09]} 42. Rhe6 {[%clk 00:00:54]} {[%emt 00:00:29]} e1=Q+
{[%clk 00:02:20]} {[%emt 00:00:15]} 43. Rxe1 {[%clk 00:01:22]} {[%emt
00:00:02]} Rxe1# {[%clk 00:02:43]} {[%emt 00:00:07]} 0-1

[Event "DVM U16 2021"]
[Site "Kiel GER"]
[Date "2022.07.24"]
[Round "4"]
[White "Zeuner, Ole"]
[Black "Franzky, Julian"]
[Result "1-0"]
[Termination "normal"]
[Board "4.3"]
[WhiteElo "1796"]
[BlackElo "1382"]
[WhiteClock "01:17:40"]
[BlackClock "01:24:52"]
[WhiteTeam "Schachzwerge Magdeburg"]
[BlackTeam "TV Tegernsee"]
[PlyCount "43"]
[WhiteFideId "12943576"]
[BlackFideId "16291603"]
[EventCountry "GER"]
[EventRounds "7"]
[EventType "team-swiss"]
[EventDate "2022.07.22"]

1. e4 {[%clk 01:30:59]} e5 {[%clk 01:31:00]} 2. Nf3 {[%clk 01:31:23]} {[%emt
00:00:06]} Nc6 {[%clk 01:31:29]} {[%emt 00:00:03]} 3. Bb5 {[%clk 01:31:21]}
{[%emt 00:00:30]} a6 {[%clk 01:31:41]} {[%emt 00:00:17]} 4. Ba4 {[%clk
01:31:36]} {[%emt 00:00:14]} Bc5 {[%clk 01:31:34]} {[%emt 00:00:36]} 5. c3
{[%clk 01:31:40]} {[%emt 00:00:27]} Nge7 {[%clk 01:31:41]} {[%emt 00:00:23]} 6.
O-O {[%clk 01:30:58]} {[%emt 00:01:12]} d6 {[%clk 01:31:54]} {[%emt 00:00:17]}
7. d4 {[%clk 01:30:52]} {[%emt 00:00:36]} exd4 {[%clk 01:32:05]} {[%emt
00:00:19]} 8. cxd4 {[%clk 01:31:15]} {[%emt 00:00:07]} Ba7 {[%clk 01:31:52]}
{[%emt 00:00:42]} 9. Be3 {[%clk 01:28:03]} {[%emt 00:03:43]} O-O {[%clk
01:31:20]} {[%emt 00:01:02]} 10. h3 {[%clk 01:27:29]} {[%emt 00:01:05]} Bd7
{[%clk 01:29:59]} {[%emt 00:01:50]} 11. Nc3 {[%clk 01:27:06]} {[%emt 00:00:53]}
Ng6 {[%clk 01:27:57]} {[%emt 00:02:30]} 12. Qe2 {[%clk 01:22:31]} {[%emt
00:05:07]} f5 {[%clk 01:27:55]} {[%emt 00:00:34]} 13. Bb3+ {[%clk 01:21:54]}
{[%emt 00:01:07]} Kh8 {[%clk 01:28:12]} {[%emt 00:00:13]} 14. Ng5 {[%clk
01:21:36]} {[%emt 00:00:48]} Qe7 {[%clk 01:27:55]} {[%emt 00:00:46]} 15. Qh5
{[%clk 01:20:10]} {[%emt 00:01:56]} Qxg5 {[%clk 01:25:07]} {[%emt 00:03:17]}
16. Bxg5 {[%clk 01:17:58]} {[%emt 00:02:42]} Nxd4 {[%clk 01:25:21]} {[%emt
00:00:15]} 17. Be3 {[%clk 01:16:05]} {[%emt 00:02:24]} Nxb3 {[%clk 01:25:25]}
{[%emt 00:00:26]} 18. axb3 {[%clk 01:16:27]} {[%emt 00:00:08]} Bxe3 {[%clk
01:25:48]} {[%emt 00:00:07]} 19. fxe3 {[%clk 01:16:55]} {[%emt 00:00:02]} fxe4
{[%clk 01:25:23]} {[%emt 00:00:55]} 20. Nxe4 {[%clk 01:17:13]} {[%emt
00:00:12]} Ne5 {[%clk 01:25:20]} {[%emt 00:00:31]} 21. Ng5 {[%clk 01:17:18]}
{[%emt 00:00:26]} Bf5 {[%clk 01:24:52]} {[%emt 00:00:58]} 22. Rxf5 {[%clk
01:17:40]} {[%emt 00:00:09]} 1-0

[Event "DVM U16 2021"]
[Site "Kiel GER"]
[Date "2022.07.24"]
[Round "4"]
[White "Ginschel, Leonhard"]
[Black "Pohle, Saskia"]
[Result "0-1"]
[Termination "normal"]
[Board "4.4"]
[WhiteElo "1273"]
[BlackElo "1845"]
[WhiteClock "00:36:26"]
[BlackClock "00:38:32"]
[WhiteTeam "TV Tegernsee"]
[BlackTeam "Schachzwerge Magdeburg"]
[PlyCount "52"]
[WhiteFideId "16290917"]
[BlackFideId "16201604"]
[EventCountry "GER"]
[EventRounds "7"]
[EventType "team-swiss"]
[EventDate "2022.07.22"]

1. e4 {[%clk 01:30:59]} e5 {[%clk 01:30:57]} {[%emt 00:00:05]} 2. Nf3 {[%clk
01:31:23]} {[%emt 00:00:06]} Nc6 {[%clk 01:31:23]} {[%emt 00:00:03]} 3. Bc4
{[%clk 01:31:47]} {[%emt 00:00:05]} Nf6 {[%clk 01:31:49]} {[%emt 00:00:05]} 4.
Ng5 {[%clk 01:31:56]} {[%emt 00:00:21]} d5 {[%clk 01:32:11]} {[%emt 00:00:07]}
5. exd5 {[%clk 01:32:21]} {[%emt 00:00:06]} Na5 {[%clk 01:32:35]} {[%emt
00:00:07]} 6. Bb5+ {[%clk 01:32:46]} {[%emt 00:00:03]} c6 {[%clk 01:32:55]}
{[%emt 00:00:11]} 7. dxc6 {[%clk 01:33:11]} {[%emt 00:00:05]} bxc6 {[%clk
01:33:21]} {[%emt 00:00:04]} 8. Be2 {[%clk 01:33:38]} {[%emt 00:00:03]} Be7
{[%clk 01:32:03]} {[%emt 00:01:48]} 9. d3 {[%clk 01:33:04]} {[%emt 00:01:04]}
O-O {[%clk 01:28:55]} {[%emt 00:03:38]} 10. O-O {[%clk 01:31:17]} {[%emt
00:02:17]} Bb7 {[%clk 01:22:57]} {[%emt 00:06:28]} 11. Nc3 {[%clk 01:27:34]}
{[%emt 00:04:12]} Qc7 {[%clk 01:18:52]} {[%emt 00:04:36]} 12. Rb1 {[%clk
01:22:21]} {[%emt 00:05:43]} c5 {[%clk 01:18:06]} {[%emt 00:01:16]} 13. Bf3
{[%clk 01:20:47]} {[%emt 00:02:03]} Nc6 {[%clk 01:16:51]} {[%emt 00:01:44]} 14.
Nge4 {[%clk 01:18:28]} {[%emt 00:02:49]} Nd7 {[%clk 01:09:06]} {[%emt
00:08:16]} 15. Nd5 {[%clk 01:14:39]} {[%emt 00:04:19]} Qd8 {[%clk 01:08:32]}
{[%emt 00:01:05]} 16. Nxe7+ {[%clk 01:14:41]} {[%emt 00:00:28]} Qxe7 {[%clk
01:08:52]} {[%emt 00:00:09]} 17. Bg5 {[%clk 01:08:56]} {[%emt 00:06:14]} f6
{[%clk 01:06:57]} {[%emt 00:02:26]} 18. Bd2 {[%clk 01:09:10]} {[%emt 00:00:16]}
Nd4 {[%clk 01:05:54]} {[%emt 00:01:33]} 19. Be2 {[%clk 01:02:33]} {[%emt
00:07:06]} f5 {[%clk 01:01:49]} {[%emt 00:04:36]} 20. Ng3 {[%clk 01:00:15]}
{[%emt 00:02:49]} Qh4 {[%clk 00:51:31]} {[%emt 00:10:48]} 21. Bc3 {[%clk
00:55:30]} {[%emt 00:05:14]} f4 {[%clk 00:47:40]} {[%emt 00:04:20]} 22. Ne4
{[%clk 00:55:21]} {[%emt 00:00:40]} f3 {[%clk 00:41:43]} {[%emt 00:06:28]} 23.
Bxf3 {[%clk 00:55:04]} {[%emt 00:00:46]} Nxf3+ {[%clk 00:41:51]} {[%emt
00:00:23]} 24. gxf3 {[%clk 00:55:19]} {[%emt 00:00:15]} Rf5 {[%clk 00:40:44]}
{[%emt 00:01:37]} 25. f4 {[%clk 00:40:48]} {[%emt 00:15:00]} Rh5 {[%clk
00:38:15]} {[%emt 00:02:59]} 26. Kg2 {[%clk 00:36:26]} {[%emt 00:04:51]} Qh3+
{[%clk 00:38:32]} {[%emt 00:00:14]} 0-1

[Event "DVM U16 2021"]
[Site "Kiel GER"]
[Date "2022.07.24"]
[Round "4"]
[White "Korchynskyi, Mykola"]
[Black "Mainka, Alwin"]
[Result "1/2-1/2"]
[Termination "normal"]
[Board "5.1"]
[WhiteElo "1711"]
[BlackElo "2011"]
[WhiteClock "00:11:03"]
[BlackClock "00:15:25"]
[WhiteTeam "Schachfreunde Essen-Katernberg 04/32 e. V."]
[BlackTeam "DJK Arminia Eilendorf 1919 e. V."]
[PlyCount "123"]
[WhiteFideId "34138005"]
[BlackFideId "16241177"]
[EventCountry "GER"]
[EventRounds "7"]
[EventType "team-swiss"]
[EventDate "2022.07.22"]

1. d4 {[%clk 01:30:40]} {[%emt 00:00:20]} Nf6 {[%clk 01:30:48]} {[%emt
00:00:13]} 2. c4 {[%clk 01:31:02]} {[%emt 00:00:07]} g6 {[%clk 01:31:05]}
{[%emt 00:00:14]} 3. Nc3 {[%clk 01:31:06]} {[%emt 00:00:25]} d5 {[%clk
01:31:29]} {[%emt 00:00:07]} 4. Bf4 {[%clk 01:31:11]} {[%emt 00:00:23]} Bg7
{[%clk 01:31:20]} {[%emt 00:00:40]} 5. e3 {[%clk 01:31:20]} {[%emt 00:00:21]}
c5 {[%clk 01:30:35]} {[%emt 00:01:16]} 6. Nf3 {[%clk 01:31:13]} {[%emt
00:00:35]} Nc6 {[%clk 01:27:38]} {[%emt 00:03:28]} 7. dxc5 {[%clk 01:29:25]}
{[%emt 00:02:18]} Qa5 {[%clk 01:27:56]} {[%emt 00:00:12]} 8. Rc1 {[%clk
01:29:49]} {[%emt 00:00:07]} dxc4 {[%clk 01:27:36]} {[%emt 00:00:50]} 9. Bxc4
{[%clk 01:29:55]} {[%emt 00:00:24]} Qxc5 {[%clk 01:27:30]} {[%emt 00:00:36]}
10. Bb3 {[%clk 01:29:47]} {[%emt 00:00:37]} O-O {[%clk 01:26:41]} {[%emt
00:01:18]} 11. O-O {[%clk 01:29:44]} {[%emt 00:00:34]} Qa5 {[%clk 01:24:23]}
{[%emt 00:02:49]} 12. e4 {[%clk 01:25:39]} {[%emt 00:04:34]} Bg4 {[%clk
01:23:06]} {[%emt 00:01:47]} 13. h3 {[%clk 01:23:14]} {[%emt 00:02:55]} Bxf3
{[%clk 01:13:37]} {[%emt 00:09:59]} 14. Qxf3 {[%clk 01:23:36]} {[%emt
00:00:07]} Nd4 {[%clk 01:13:20]} {[%emt 00:00:48]} 15. Qd1 {[%clk 01:23:52]}
{[%emt 00:00:15]} e5 {[%clk 01:11:03]} {[%emt 00:02:47]} 16. Bg5 {[%clk
01:23:27]} {[%emt 00:00:54]} Rac8 {[%clk 01:08:25]} {[%emt 00:03:09]} 17. Re1
{[%clk 01:15:18]} {[%emt 00:08:38]} h6 {[%clk 01:03:31]} {[%emt 00:05:25]} 18.
Bxf6 {[%clk 01:15:30]} {[%emt 00:00:17]} Bxf6 {[%clk 01:03:56]} {[%emt
00:00:05]} 19. Nd5 {[%clk 01:15:47]} {[%emt 00:00:13]} Bg5 {[%clk 01:04:07]}
{[%emt 00:00:20]} 20. Rc3 {[%clk 01:08:11]} {[%emt 00:08:06]} Ne6 {[%clk
01:00:41]} {[%emt 00:03:55]} 21. g3 {[%clk 01:04:23]} {[%emt 00:04:18]} Rxc3
{[%clk 00:55:46]} {[%emt 00:05:25]} 22. bxc3 {[%clk 01:00:11]} {[%emt
00:04:43]} Nc7 {[%clk 00:55:46]} {[%emt 00:00:30]} 23. h4 {[%clk 00:59:23]}
{[%emt 00:01:17]} Nxd5 {[%clk 00:55:55]} {[%emt 00:00:22]} 24. hxg5 {[%clk
00:58:25]} {[%emt 00:01:28]} Nc7 {[%clk 00:43:22]} {[%emt 00:13:02]} 25. Qd6
{[%clk 00:55:51]} {[%emt 00:03:03]} Qb6 {[%clk 00:43:46]} {[%emt 00:00:07]} 26.
Qxe5 {[%clk 00:55:53]} {[%emt 00:00:29]} Re8 {[%clk 00:44:02]} {[%emt
00:00:14]} 27. Qf4 {[%clk 00:55:58]} {[%emt 00:00:24]} Ne6 {[%clk 00:44:11]}
{[%emt 00:00:21]} 28. Bxe6 {[%clk 00:56:08]} {[%emt 00:00:20]} Rxe6 {[%clk
00:44:27]} {[%emt 00:00:14]} 29. gxh6 {[%clk 00:56:00]} {[%emt 00:00:38]} Qd6
{[%clk 00:43:01]} {[%emt 00:01:56]} 30. e5 {[%clk 00:55:53]} {[%emt 00:00:38]}
Qe7 {[%clk 00:43:00]} {[%emt 00:00:31]} 31. Qd4 {[%clk 00:49:42]} {[%emt
00:06:41]} b6 {[%clk 00:41:52]} {[%emt 00:01:38]} 32. f4 {[%clk 00:40:40]}
{[%emt 00:09:31]} Kh7 {[%clk 00:40:30]} {[%emt 00:01:51]} 33. Qe3 {[%clk
00:40:13]} {[%emt 00:00:58]} Rc6 {[%clk 00:38:58]} {[%emt 00:02:02]} 34. Kg2
{[%clk 00:37:14]} {[%emt 00:03:28]} Qa3 {[%clk 00:36:14]} {[%emt 00:03:16]} 35.
Re2 {[%clk 00:36:07]} {[%emt 00:01:37]} Qxc3 {[%clk 00:31:51]} {[%emt
00:04:52]} 36. Qe4 {[%clk 00:34:56]} {[%emt 00:01:40]} Qc4 {[%clk 00:30:27]}
{[%emt 00:01:55]} 37. Qf3 {[%clk 00:33:33]} {[%emt 00:01:53]} Kxh6 {[%clk
00:29:33]} {[%emt 00:01:25]} 38. g4 {[%clk 00:30:59]} {[%emt 00:03:03]} Qc3
{[%clk 00:27:16]} {[%emt 00:02:47]} 39. Qf2 {[%clk 00:30:03]} {[%emt 00:01:26]}
Qd3 {[%clk 00:23:21]} {[%emt 00:04:25]} 40. Rd2 {[%clk 00:14:07]} {[%emt
00:16:25]} Qe4+ {[%clk 00:21:54]} {[%emt 00:01:58]} 41. Qf3 {[%clk 00:14:30]}
{[%emt 00:00:07]} Qb4 {[%clk 00:14:36]} {[%emt 00:07:48]} 42. Qf2 {[%clk
00:10:10]} {[%emt 00:04:49]} Kg7 {[%clk 00:09:44]} {[%emt 00:05:23]} 43. Rd4
{[%clk 00:05:16]} {[%emt 00:05:24]} Rc4 {[%clk 00:09:17]} {[%emt 00:00:57]} 44.
Rxc4 {[%clk 00:05:16]} {[%emt 00:00:30]} Qxc4 {[%clk 00:09:40]} {[%emt
00:00:07]} 45. Kg3 {[%clk 00:03:25]} {[%emt 00:02:20]} Qe4 {[%clk 00:09:26]}
{[%emt 00:00:45]} 46. Qf3 {[%clk 00:02:32]} {[%emt 00:01:23]} Qd4 {[%clk
00:09:38]} {[%emt 00:00:18]} 47. Qe2 {[%clk 00:01:59]} {[%emt 00:01:01]} Qc3+
{[%clk 00:05:49]} {[%emt 00:04:21]} 48. Kg2 {[%clk 00:30:03]} {[%emt 00:02:23]}
Qc6+ {[%clk 00:35:57]} {[%emt 00:00:24]} 49. Kg3 {[%clk 00:29:18]} {[%emt
00:01:15]} Qc3+ {[%clk 00:32:08]} {[%emt 00:04:14]} 50. Kh4 {[%clk 00:26:47]}
{[%emt 00:03:07]} Qd4 {[%clk 00:30:52]} {[%emt 00:01:47]} 51. Qf3 {[%clk
00:16:02]} {[%emt 00:11:14]} Qg1 {[%clk 00:29:29]} {[%emt 00:01:52]} 52. Kh3
{[%clk 00:16:17]} {[%emt 00:00:14]} Qd4 {[%clk 00:29:19]} {[%emt 00:00:42]} 53.
Kh4 {[%clk 00:15:15]} {[%emt 00:01:31]} Qd2 {[%clk 00:24:57]} {[%emt 00:04:52]}
54. Kh3 {[%clk 00:15:39]} {[%emt 00:00:06]} Qxa2 {[%clk 00:24:32]} {[%emt
00:00:57]} 55. f5 {[%clk 00:16:04]} {[%emt 00:00:04]} gxf5 {[%clk 00:20:00]}
{[%emt 00:05:02]} 56. gxf5 {[%clk 00:15:58]} {[%emt 00:00:35]} Qc4 {[%clk
00:19:47]} {[%emt 00:00:43]} 57. Qe3 {[%clk 00:12:06]} {[%emt 00:04:23]} Qf1+
{[%clk 00:18:40]} {[%emt 00:01:37]} 58. Kg4 {[%clk 00:12:25]} {[%emt 00:00:11]}
Qg2+ {[%clk 00:18:30]} {[%emt 00:00:40]} 59. Kh4 {[%clk 00:11:19]} {[%emt
00:01:36]} Qh1+ {[%clk 00:17:46]} {[%emt 00:01:12]} 60. Kg4 {[%clk 00:11:35]}
{[%emt 00:00:14]} Qd1+ {[%clk 00:16:32]} {[%emt 00:01:45]} 61. Kh4 {[%clk
00:10:41]} {[%emt 00:01:24]} Qh1+ {[%clk 00:15:25]} {[%emt 00:01:37]} 62. Kg4
{[%clk 00:11:03]} {[%emt 00:00:08]} 1/2-1/2

[Event "DVM U16 2021"]
[Site "Kiel GER"]
[Date "2022.07.24"]
[Round "4"]
[White "Alms, Frithjof"]
[Black "Jahrke, Jonas"]
[Result "0-1"]
[Termination "normal"]
[Board "5.2"]
[WhiteElo "1603"]
[BlackElo "1725"]
[WhiteClock "00:06:56"]
[BlackClock "00:01:54"]
[WhiteTeam "DJK Arminia Eilendorf 1919 e. V."]
[BlackTeam "Schachfreunde Essen-Katernberg 04/32 e. V."]
[PlyCount "70"]
[WhiteFideId "16258398"]
[BlackFideId "12984353"]
[EventCountry "GER"]
[EventRounds "7"]
[EventType "team-swiss"]
[EventDate "2022.07.22"]

1. e4 {[%clk 01:30:55]} {[%emt 00:00:05]} c5 {[%clk 01:30:52]} {[%emt
00:00:07]} 2. Nf3 {[%clk 01:31:13]} {[%emt 00:00:13]} d6 {[%clk 01:31:06]}
{[%emt 00:00:15]} 3. d4 {[%clk 01:31:19]} {[%emt 00:00:24]} cxd4 {[%clk
01:31:30]} {[%emt 00:00:07]} 4. Nxd4 {[%clk 01:31:38]} {[%emt 00:00:11]} Nf6
{[%clk 01:31:42]} {[%emt 00:00:18]} 5. Nc3 {[%clk 01:31:17]} {[%emt 00:00:51]}
a6 {[%clk 01:31:49]} {[%emt 00:00:22]} 6. a4 {[%clk 01:29:42]} {[%emt
00:02:05]} e5 {[%clk 01:30:58]} {[%emt 00:01:22]} 7. Nf3 {[%clk 01:25:51]}
{[%emt 00:04:21]} Be7 {[%clk 01:25:24]} {[%emt 00:06:04]} 8. Bc4 {[%clk
01:21:59]} {[%emt 00:04:21]} O-O {[%clk 01:18:11]} {[%emt 00:07:43]} 9. O-O
{[%clk 01:19:40]} {[%emt 00:02:49]} Qc7 {[%clk 01:13:10]} {[%emt 00:05:31]} 10.
Bb3 {[%clk 01:07:39]} {[%emt 00:12:31]} h6 {[%clk 01:01:01]} {[%emt 00:12:40]}
11. Be3 {[%clk 01:02:37]} {[%emt 00:05:31]} Bg4 {[%clk 00:55:25]} {[%emt
00:06:06]} 12. Re1 {[%clk 01:00:18]} {[%emt 00:02:50]} Nbd7 {[%clk 00:53:40]}
{[%emt 00:02:15]} 13. a5 {[%clk 00:54:46]} {[%emt 00:06:02]} Nc5 {[%clk
00:40:24]} {[%emt 00:13:45]} 14. Nd5 {[%clk 00:52:28]} {[%emt 00:02:48]} Nxd5
{[%clk 00:39:22]} {[%emt 00:01:32]} 15. Bxd5 {[%clk 00:52:29]} {[%emt
00:00:29]} Nd7 {[%clk 00:28:25]} {[%emt 00:11:27]} 16. c4 {[%clk 00:50:36]}
{[%emt 00:02:24]} Kh8 {[%clk 00:26:21]} {[%emt 00:02:33]} 17. Qd2 {[%clk
00:47:53]} {[%emt 00:03:12]} Bxf3 {[%clk 00:23:00]} {[%emt 00:03:52]} 18. gxf3
{[%clk 00:48:02]} {[%emt 00:00:21]} f5 {[%clk 00:20:04]} {[%emt 00:03:26]} 19.
exf5 {[%clk 00:39:37]} {[%emt 00:08:54]} Kh7 {[%clk 00:15:12]} {[%emt
00:05:23]} 20. Be6 {[%clk 00:37:42]} {[%emt 00:02:25]} Nc5 {[%clk 00:13:06]}
{[%emt 00:02:36]} 21. Bxc5 {[%clk 00:36:09]} {[%emt 00:02:03]} Qxc5 {[%clk
00:13:23]} {[%emt 00:00:13]} 22. b4 {[%clk 00:34:15]} {[%emt 00:02:23]} Qc7
{[%clk 00:11:55]} {[%emt 00:01:59]} 23. Kh1 {[%clk 00:32:12]} {[%emt 00:02:33]}
Bg5 {[%clk 00:10:16]} {[%emt 00:02:10]} 24. Qd3 {[%clk 00:30:53]} {[%emt
00:01:48]} Kh8 {[%clk 00:09:32]} {[%emt 00:01:13]} 25. Rg1 {[%clk 00:26:40]}
{[%emt 00:04:43]} Bf4 {[%clk 00:06:56]} {[%emt 00:03:06]} 26. Rg2 {[%clk
00:24:33]} {[%emt 00:02:37]} Qe7 {[%clk 00:06:43]} {[%emt 00:00:43]} 27. Qe4
{[%clk 00:20:47]} {[%emt 00:04:16]} Rab8 {[%clk 00:05:20]} {[%emt 00:01:53]}
28. b5 {[%clk 00:18:24]} {[%emt 00:02:53]} Qd8 {[%clk 00:03:24]} {[%emt
00:02:27]} 29. Qd5 {[%clk 00:16:05]} {[%emt 00:02:49]} Re8 {[%clk 00:02:06]}
{[%emt 00:01:48]} 30. b6 {[%clk 00:15:03]} {[%emt 00:01:31]} Qe7 {[%clk
00:01:17]} {[%emt 00:01:20]} 31. Rd1 {[%clk 00:13:43]} {[%emt 00:01:49]} Red8
{[%clk 00:01:34]} {[%emt 00:00:14]} 32. Rg4 {[%clk 00:11:31]} {[%emt 00:02:42]}
Re8 {[%clk 00:01:18]} {[%emt 00:00:45]} 33. Qxd6 {[%clk 00:11:03]} {[%emt
00:00:59]} Rbd8 {[%clk 00:01:35]} {[%emt 00:00:13]} 34. Bd7 {[%clk 00:08:44]}
{[%emt 00:02:48]} Qxd6 {[%clk 00:01:28]} {[%emt 00:00:38]} 35. Rxd6 {[%clk
00:06:56]} {[%emt 00:00:56]} Re7 {[%clk 00:01:54]} {[%emt 00:01:26]} 0-1